000 01651nam a22002057a 4500
999 _c60471
_d60471
003 Ge_BSU
005 20230725130754.0
008 230725s2022ge xxu||||| |||| 00| 0 geo d
041 _ageo
080 _a657 ი-37
100 _aივანიშვილი, მაია
_919539
245 _aპროფესიული პასუხისმგებლობის დაზღვევის ფინანსური მექანიზმი
_bდისერტაცია: დისერტაცია წარდგენილია ბიზნესის ადმინისტრირების დოქტორის აკადემიური ხარისხის მოსაპოვებლად /
_cმაია ივანიშვილი, მეცნ.ხელმძღვ. ასიე ცინცაძე
264 _aბათუმი,
_c2022.
300 _a154 გვ.:
_b30 სმ.
653 _aპროფესიული პასუხისმგებლობის დაზღვევის ფინანსური მექანიზმი
653 _aდაზღვევა
700 _aცინცაძე, ასიე
_eსამეცნიერო ხელმძღვანელი
_912504
710 _aბათუმის შოთა რუსთაველის სახელმწიფო უნივერსიტეტი საფინანსო, საბანკო და სადაზღვევო საქმის დარგობრივი დეპარტამენტი
_919540
942 _2udc
_cBK